Reglamento de bienes de las Entidades Locales : Real Decreto 1372/1986, de 13 de junio Real Decreto 1372/1986, de 13 de junio
Descripción Física:
32 p. ; 21 cm
MARC
| LEADER | 00000nam a2200000Ia 4500 | ||
|---|---|---|---|
| 001 | 2318 | ||
| 008 | 160829s1986 xx 000 0 cat d | ||
| 080 | |a FU-5-36 | ||
| 100 | |a Espanya. Lleis, etc. |9 23269 | ||
| 245 | |a Reglamento de bienes de las Entidades Locales : |b Real Decreto 1372/1986, de 13 de junio | ||
| 260 | |a Madrid : |b Boletín Oficial del Estado, |c 1986 | ||
| 300 | |a 32 p. ; |c 21 cm | ||
| 490 | |a Separatas del Boletín Oficial del Estado. Gaceta de Madrid | ||
| 650 | |a Patrimoni dels ens locals |x Dret i legislació |x Espanya |9 24234 | ||
| 710 | 1 | |a Boletín Oficial del Estado (BOE) (Espanya) |9 54801 | |
| 901 | |a Arxiu | ||
| 942 | |n 1 | ||
| 952 | |0 0 |1 0 |4 0 |6 FU536 |7 1 |9 44304 |a Arxiu |b Arxiu |d 2016-12-01 |l 0 |o FU-5-36 |p 2318 |r 2016-12-01 00:00:00 |w 2016-12-01 |y ARXIU | ||
| 999 | |c 46884 |d 46884 | ||